| 000 | 00654nam a2200205 4500 | ||
|---|---|---|---|
| 001 | 111801 | ||
| 003 | ES-MaACL | ||
| 005 | 20230906185350.0 | ||
| 007 | t| | ||
| 008 | 061121s1972 sp r ||||1| spa d | ||
| 100 | 1 |
_aNatanson, Madeleine. _984986 |
|
| 245 | 1 | 0 |
_aSexualidad y educación / _cMadeleine y Jacques Natanson ; con diversos poemas de Daniel Lefevre ; traducción del francés por Diorki. |
| 260 |
_aMadrid : _bStudium, _c1927. |
||
| 300 |
_a180 p. : _bil ; _c22 cm. |
||
| 700 | 1 |
_aNatanson , J. _984987 |
|
| 700 | 1 |
_aLefevre, Daniel. _971238 |
|
| 700 | 2 |
_aDiorki. _9186458 |
|
| 852 |
_aES-MaACL _jC-48852 _bR.82580 |
||
| 999 |
_c111801 _d111801 |
||